000 00649nam a2200253 a 4500
001 nice12345678
003 IN_TiNIC
005 20260116013257.0
008 050524s2000 dela grp 000 0 eng
020 _a
_c95
082 0 0 _a230.046
_bTHU1
100 _aThumma, Anthoniraj
245 _aPeople`s Power
_b Asian/indian Liberation Theology
260 _aDelhi
_bISPCK
_c2000
300 _a128p
500 _aincludes index and biblioraphy
505 2 _aGeneral Index of reference
650 _aLiberation-Theology
650 _aTheology-India
700 1 _aThumma, Anthoniraj
902 _bSRS
942 _cBK
999 _c10370
_d10370